000 00749nam a2200241 i 4500
001 18770
003 ES-MaACL
005 20230906151923.0
007 t|
008 020313s2001 sp ||||0| spa j
020 _a84-8485-012-9
040 _aM-BN
_bspa
_cM-BN
080 _a929 Tobio, Luis (082.2)
245 0 0 _aHomenaxes a Lois Tobio
_b: Madrid, 13 de xuño do 2001.
260 _aA Coruña :
_bEdiciós do Castro,
_c[2001]
300 _a104 p ;
_c24 cm.
490 1 _aCadernos do Seminario de Sargadelos ;
_v88
600 1 4 _aTobío, Luis-
_vHomenajes.
_9110378
700 1 _aTobío, Luis.
_9110377
830 0 _aCadernos do Seminario de Sargadelos ;
_v88
_9180514
852 _aES-MaACL
_jL-25340
_bR.130246
999 _c18770
_d18770